| 000 | 00649nam a2200217Ia 4500 | ||
|---|---|---|---|
| 001 | 7010 | ||
| 003 | GE_BSU | ||
| 008 | 181216s||||||||xx |||||||||||||| ||und|| | ||
| 040 | _cGE_BSU | ||
| 080 | _a66.048(075) | ||
| 100 | _aБагатуров,С.А. | ||
| 245 | _aТеория и расчет перегонки и ректификации. | ||
| 245 | _cВед. ред. С.И.Бабушкина. | ||
| 260 | _aМ. | ||
| 260 | _bГостоптехиздат. | ||
| 260 | _c1961. | ||
| 300 | _a435стр. 22см. | ||
| 300 | _eтабл. | ||
| 653 | _aТеория и расчет перегонки и ректификации. | ||
| 942 | _cBK | ||
| 999 |
_c40402 _d40402 |
||